Statistiques concernant Personnalités politiques majeures en France.

Cliquez ici pour prendre le quiz!

Statistiques générales

  • Ce quiz a été pris 164 fois
    (114 depuis la dernière actualisation)
  • Le résultat moyen est 19 sur 54

Statistiques - réponses

GroupeFonctionsPersonalités% Correct
ElyséePrésident de la RépubliqueEmmanuel Macron
100%
MatignonPremière MinistreElisabeth Borne
96%
MairiesMaire de ParisAnne Hidalgo
92%
Partis politiquesPrésident par intérim du Rassemblement NationalJordan Bardella
72%
ParlementPrésident du SénatGérard Larcher
71%
GouvernementMinistre de l'ÉconomieBruno Le Maire
67%
GouvernementMinistre de l'Intérieur et des Outre-merGérald Darmanin
66%
Partis politiquesPrésident d'HorizonsEdouard Philippe
63%
ParlementPrésidente de l'Assemblée NationaleYaël Braun-Pivet
63%
Conseils RégionauxPrésidente de la Région Ile de FranceValérie Pécresse
61%
GouvernementMinistre de la JusticeEric Dupont-Moretti
56%
Partis politiquesSecrétaire National du Parti CommunisteFabien Roussel
56%
GouvernementMinistre de la Santé et de la PréventionFrançois Braun
55%
Conseils RégionauxPrésident de la Région Auvergne Rhone-AlpesLaurent Wauquiez
54%
Partis politiquesPrésident de Debout la FranceNicolas Dupont-Aignan
54%
Conseil constitutionnelPrésident du conseil constitutionnelLaurent Fabius
53%
Partis politiquesPremier secrétaire du Parti SocialisteOlivier Faure
53%
GouvernementMinistre de l'Éducation nationale et de la JeunessePap N'Diaye
53%
ParlementVices présidents de l'assemblée Nationale (nommez en un)Valérie Rabault |Élodie Jacquier-Laforge |Naïma Moutchou |Sébastien Chenu | Caroline Fiat | Hélène Laporte
46%
GouvernementMinistre du Travail, du Plein emploi et de l'InsertionOlivier Dussopt
43%
Conseils RégionauxPrésident de la Région Hauts-de-FranceXavier Bertrand
41%
Conseils RégionauxPrésidente de la Région OccitanieCarole Delga
36%
GouvernementMinistre de l'Europe et des Affaires étrangèresCatherine Colonna
35%
Partis politiquesdélégué général de LREM (Renaissance)Stanislas Guérini
34%
GouvernementMinistre de la Transformation et de la Fonction publiquesStanislas Guerini
34%
MairiesMaire de LyonGrégory Doucet
30%
GouvernementMinistre des ArméesSébastien Lecornu
30%
GouvernementMinistre de la Transition écologique et de la Cohésion des territoiresChristophe Béchu
28%
Partis politiquesCoordinateur de la France InsoumiseAdrien Quatennens
26%
GouvernementMinistre des Sports et des Jeux olympiques et paralympiquesAmélie Oudéa-Castéra
26%
GouvernementMinistre de la CultureRima Abdul-Malak
26%
GouvernementMinistre de la Transition énergétiqueAgnès Pannier-Runacher
25%
GouvernementMinistre de l'Agriculture et de la Souveraineté alimentaireMarc Fesneau
25%
GouvernementMinistre de l'Enseignement supérieur et de la RechercheSylvie Retailleau
25%
MairiesMaire de MarseilleBenoit Payan
22%
Conseils RégionauxPrésident de la Région Provence Alpes Cote d'Azur. (région SUD)Renaud Muselier
22%
Conseils RégionauxPrésident de la Région NormandieHervé Morin
21%
Partis politiquesSecrétaire National d'Europe Ecologie les VertsJulien Bayou
20%
Partis politiquesPrésidente par intérim des RépublicainsAnnie Genevard
17%
Conseils RégionauxPrésidente de la Région Pays de la LoireChristelle Morançais
16%
Conseils RégionauxPrésident de la Région Grand EstJean Rottner
13%
GouvernementMinistre des Solidarités, de l'Autonomie et des personnes handicapéesJean-Christophe Combe
12%
Conseils RégionauxPrésidente de la Région Bourgogne Franche-ComtéMarie-Guite Dufay
12%
Conseils RégionauxPrésident de la Région Centre Val-de-LoireFrançois Bonneau
11%
Conseils RégionauxPrésident de la Région Nouvelle-AquitaineAlain Rousset
10%
Corse et Outre-MerPrésidente de La RéunionHuguette Bello
10%
Corse et Outre-MerPrésident du conseil exécutif de Corse de CorseGilles Simeoni
9%
Conseils RégionauxPrésident de la Région BretagneLoïg Chesnais-Girard
9%
Corse et Outre-MerPrésident de la Polynésie FrançaiseEdouard Fritch
3%
Corse et Outre-MerPrésident du conseil exécutif de MartiniqueSerge Letchimy
3%
Corse et Outre-MerPrésident de la GuadeloupeAry Chalus
2%
Corse et Outre-MerPrésident du conseil départemental de MayotteBen Issa Ousséni
1%
Corse et Outre-MerPrésident de l'assemblée de Guyane de GuyaneGabriel Serville
1%
Corse et Outre-MerPrésident du gouvernemet de la Nouvelle CalédonieLouis Mapou
1%

Distribution des résultats

Percentile par nombre de réponses

% des personnes avec chaque résultat

Votre développement - résultats

Vous n’avez pas pris ce quiz depuis la dernière actualisation